00326nam a22000977a 4500008004100000082001600041100001800057245008600075260005800161300000900219230626b xxu||||| |||| 00| 0 eng d a332.04bHUS cAshiq Hussain aA Textbook of Business FinancebIncluding past Examination Questions fully solved aKijabe streetbHeinemann Educational Books ltdc1985 a234p